Starks (GoT) - Statistics

General Stats
  • This quiz has been taken 8 times
  • The average score is 7 of 9
Answer Stats
Answer % Correct
Arya Stark 4
100%
Brandon Stark 9
100%
Eddard Stark 6
100%
Sansa Stark 3
100%
Jon Snow 2
75%
Robb Stark 1
75%
Catelyn Stark 7
63%
Rickon Stark 5
63%
Lyanna Stark 8
25%
No matching quizzes found
Score Distribution
Percent of People with Each Score
Percentile by Number Answered
Your Score History
You have not taken this quiz